000 00575cam a2200217 4500
001 D7982
008 090401t1985 xxu||||| |||| 00| 0 eng d
035 _a(Sirsi) u10494
041 _aeng
050 _a692.5
100 _aPrice, A.D.
245 _aMethods of measuring production times for construction work
260 _aAscot, Berks
_bChartered Institute of Buildings
_c1985
300 _a11p. ill. 30cm
350 _a0
490 _aTechnical Information Service
_v49
520 _aCaption title
700 _aHarris, F.C.
942 _n0
948 _c04/03/1997
999 _c86749
_d86749